Stolice świata najbliżej Warszawy A-Z - Statystyki

Ogólne statystyki
  • Ten quiz został rozwiązany 7 252 razy
  • Średni wynik to 12 z 25
Statystyki odpowiedzi
Państwo km Stolica % Poprawnych
Niemcy B 518 Berlin
98%
Czechy P 517 Praga
89%
Litwa W 393 Wilno
86%
Białoruś M 476 Mińsk
84%
Łotwa R 561 Ryga
78%
Norwegia O 1064 Oslo
75%
Szwecja S 812 Sztokholm
74%
Finlandia H 916 Helsinki
72%
Estonia T 835 Tallinn
72%
Holandia A 1 096 Amsterdam
70%
Dania K 673 Kopenhaga
65%
Chorwacja Z 803 Zagrzeb
59%
Słowenia L 834 Lublana
48%
Liechtenstein V 1 002 Vaduz
43%
Irlandia D 1 832 Dublin
40%
Ekwador Q 10 673 Quito
26%
Armenia E 2 238 Erywań
25%
Mongolia U 5 793 Ułan Bator
22%
Izrael J 2 551 Jerozolima
19%
Cypr N 2 134 Nikozja
17%
Nauru Y 13 457 Yaren
13%
Pakistan I 4 591 Islamabad
11%
Sierra Leone F 5 762 Freetown
7%
Sudan C 4 190 Chartum
6%
Burundi G 6 212 Gitega
4%
Nie znaleziono quizów pasujących do podanych kryteriów
Rozkład punktacji
Procent ludzi z każdym wynikiem
Percentyl według liczby udzielonych odpowiedzi
Twoja historia wyników
Nie rozwiązałeś tego quizu